000 00308nam a22001337a 4500
008 170809b xxu||||| |||| 00| 0 eng d
020 _a9780810852907
041 _aeng
080 _a004
100 _a35
101 _aSHKI
245 _aTECHNOLOGY AND THE SCHOOL LIBRARY
_cJURKOWSKI, O.L
942 _2udc
_cBK
999 _c23026
_d23026